000
00326nam a22001457a 4500
008
221025b ||||| |||| 00| 0 eng d
020
_a
2901584805549
041
_a
eng
080
_a
610.73
082
_a
610.73 RED
100
_a
8
101
_a
INF
245
_a
RESPONDING TO EMERGENCIES
_c
AMERICAN RED
942
_2
udc
_c
BK
999
_c
58678
_d
58678